| 000 | 00764nam a2200265 a 4500 | ||
|---|---|---|---|
| 001 | 51198 | ||
| 003 | BD-RjUL | ||
| 005 | 20211209075625.0 | ||
| 008 | 160830s1972 ii a 000 0 eng | ||
| 020 | _c: Irs. 8.00 (Pt.-1) | ||
| 020 | _c: Irs 32.00 (Pt.-2) | ||
| 035 | _a(BD-RjUL)51318 | ||
| 040 |
_aDLC _cDLC _dZCU _dBD-RjUL _beng |
||
| 041 | _aeng | ||
| 082 |
_223 _a491.445 _bMOB 1972 |
||
| 100 | 1 |
_aMojumder, Atindra _9153172 |
|
| 245 | 1 | 0 |
_aBengali language historical grammar / _cAtindra Mojumder |
| 250 | _a1st ed. | ||
| 260 |
_aCalcutta : _bFirma K.L. Mukhopadhyay, _c1972 ,1973 |
||
| 300 |
_a V.; _c25 cm. |
||
| 500 | _aIncludes index | ||
| 505 | _aPt. 1 -- Pt. 2 -- | ||
| 650 | 0 |
_aBengali language _xGrammar, Historical. _9153173 |
|
| 942 |
_2ddc _cBK |
||
| 999 |
_c51198 _d51198 |
||